| 000 | 00936nam a2200181Ia 4500 | ||
|---|---|---|---|
| 008 | 100920s9999 xx 000 0 und d | ||
| 082 |
_b30017 _a38 थ 71 |
||
| 100 | _aसंपा.कुलकर्णी भीमराव. | ||
| 245 | _aमराठी-साहित्य-संमेलन अध्यक्षीय भाषणे खंड पहिला. | ||
| 260 |
_bमहाराष्ट-साहित्य-परिषद, पुणे 30. _c1971 |
||
| 300 |
_a541 _bसाधी |
||
| 365 | _b10 | ||
| 520 | _aशताब्दी ग्रंथ. | ||
| 630 | _aमराठी-साहित्य-संमेलन अध्यक्षीय भाषणे खंड पहिला. | ||
| 650 | _aशताब्दी ग्रंथ. | ||
| 730 | _aमराठी-साहित्य-संमेलन अध्यक्षीय भाषणे खंड पहिला. | ||
| 942 | _cBOOK | ||
| 999 |
_c685504 _d685501 |
||